00497cam a2200157 a 4500001000800000005001700008008004100025020001700066040001800083082002000101100002700121245011600148260003300264300001700297650002500314492216720240130010411.0950309s1994 ii b 001 0 eng  a8170131294 : aDLCcDLCdDLC 222a305.8bETH.2 aWiswa Warnapala, W. A.10aEthnic strife and politics in Sri Lanka :ban investigation into demands and responses /cW.A. Wiswa Warnapala. aNew Delhi :bNavrang,c1994. aiv, 252 p. ; 0aTamil (Indic people)